000
00331nam a2200145Ia 4500
008
230718s9999 xx 000 0 und d
041
_a
Eng.
082
_a
349246633
_b
CHR-L
100
_a
Christianson, Sieke
245
0
_a
limacionflicis 1
260
_a
Pakistan
_b
Springer
_c
2015
300
_a
243
650
_a
Law
999
_c
31916
_d
31916